000
00316nam a22001337a 4500
999
_c
12110
_d
12110
020
_a
978-93-325-8555-3
082
_a
621.31
100
_a
Arun Ingole
245
_a
Power Transmission and Distribution
260
_a
New Delhi
_b
Pearson
_c
2018
300
_a
790
650
_a
Electrical Engineering
942
_c
BK